000
00284nam a22001337a 4500
020
_a
0-256-01876-6
082
_a
658 TER'P
100
_a
TERRY. SEORGE R.
_9
76308
245
_a
PRINCIPLA OF MANGEMENT
250
_a
17
260
_a
USA
_b
IRWIN
_c
1977
300
_a
648P
942
_c
BK
999
_c
581701
_d
581701